Technológia pre lesnícke odborné učilištia /

Hlavní autor: Koutník, Josef
Další autoři: Olejár, Pavol
Jazyk: Slovenština
Vydáno: Bratislava : Príroda, 1980
Vydání: 1. vyd.
Edice: Knižnica lesného hospodára
Fyzický popis: 374 s.
Knihy
Uloženo v:
LEADER 00820nam a2200265 a 4500
001 000608573
003 CZ BrMZK
005 20040415152828.0
007 ta
008 020629s1980 xo f slo d
040 |a BOA001  |b cze  |c BOA001 
041 1 |a slo  |h cze 
080 |a 630(075.3):377.35  |2 MRF 
100 1 |a Koutník, Josef  |7 jn20020716690  |4 aut 
245 1 0 |a Technológia pre lesnícke odborné učilištia /  |c Josef Koutník, P. Olejár 
250 |a 1. vyd. 
260 |a Bratislava :  |b Príroda,  |c 1980 
300 |a 374 s. 
490 1 |a Knižnica lesného hospodára 
500 |a Překlad 
700 1 |a Olejár, Pavol  |4 aut 
830 0 |a Knižnica lesného hospodára 
910 |a BOA001  |b 2-0828.921 
990 |a BK 
996 7 |b 2619356700  |c 2-0828.921  |l MZK  |r Sklad / do 1 hodiny  |n 0  |w 000608573  |u 000010  |a 1  |e BOA001  |j MZK50  |s A